000 01031nam0a2200325 4500
001 RU\NLR\BIBL_A\011674450
005 20180517111327.0
010 _a978-5-4474-8027-1
021 _aRU
_bКН-П-18-1389
_9КН-П-18-019128
035 _a(NLR Aleph) 011674450
035 _a(RuMoRGB)009572813
090 _a11254906
_c11254906
100 _a20180410d2018 m y0rusy50 ca
101 0 _arus
_aeng
102 _aRU
105 _aac z 000zy
200 1 _aЗвезды о звездах
_fAngel Wight
210 _a[Б. м.]
_cИздательские решения
_d2018
215 _a184, [3] с.
_cил., портр.
_d22
300 _aЧасть текста на англ. яз.
333 _a16+
606 1 _aАстрология
_2nlr_sh1
_2nlr_sh2
_3RU\NLR\AUTH\66156241
686 2 _aЭ391.211
700 0 _aWight
_bA.
_gAngel
_3RU\NLR\AUTH\770188056
942 _cBOOK
980 _aNBR
980 _aNB